| 000 | 00529cam a2200205 4500 | ||
|---|---|---|---|
| 001 | D5741 | ||
| 008 | 090401t1979 xxu||||| |||| 00| 0 eng d | ||
| 035 | _a(Sirsi) u66415 | ||
| 041 | _aeng | ||
| 050 | _a333.332 | ||
| 100 | _aHoyes, T.A. | ||
| 245 | 4 | _aThe practice of valuation. | |
| 260 |
_aReading _bCALUS _c1979 |
||
| 350 | _a0 | ||
| 490 |
_aProperty Valuation Handbook _vA2 |
||
| 710 |
_aCentre for Advanced Land Use Studies _92934 |
||
| 710 |
_aCollege of Estate Management _9400 |
||
| 942 | _n0 | ||
| 948 | _c04/03/1997 | ||
| 999 |
_c94859 _d94859 |
||